| 000 | 00619nam a2200229Ia 4500 | ||
|---|---|---|---|
| 003 | OSt | ||
| 005 | 20220918190534.0 | ||
| 006 | a|||||r|||| 00| 0 | ||
| 007 | ta | ||
| 008 | 220917b |||||||| |||| 00| 0 eng d | ||
| 024 | _a57,434 | ||
| 037 | _cTextual | ||
| 040 |
_aARTS _cARTS _beng |
||
| 041 |
_2eng _aeng |
||
| 082 | _aQ1:2:g (A), 111J6 (EPS) | ||
| 100 |
_aHans Raj _973005 |
||
| 245 | 0 | _aScience in the Vedas ed by H R Aggarwal | |
| 260 |
_aLudhiana _bShakti pub _c1956 |
||
| 650 | _aRELIGION | ||
| 942 |
_hQ1:2:g (A), 111J6 (EPS) _cTEXL _2CC |
||
| 999 |
_c185661 _d185661 |
||